000 00395cam a22001337a 4500
008 180718b1998 xxu||||| |||| 00| 0 eng d
020 _a8125014772
082 _aA99 P882
100 _aPradhan, R.D.
245 _aDebacle to revival: Y.B. Chavan as defence minister, 1962-65
_cby R.D. Pradhan
260 _aHyderabad
_bOrient Logman
_c1998
300 _a316p.
650 _aPradhan, R.D. - Memoires
999 _c388313
_d388313